LEADER 01351nam a2200265 i 4500 001 000000111248 003 CaOOAMICUS 005 20030507000000.0 008 030507s2002 it u000 u ita u 013 $a83930 020 $a88-900768-1-X 040 $aSeMil$bita 245 10$aGiordano Bruno :$boltre il mito e le opposte passioni /$ca cura di Pasquale Giustiniani ... [et al.]. 260 $aNapoli :$bPontificia Facoltà Teologica dell'Italia meridionale, sez. S. Tommaso d'Aquino,$ccopyr. 2002. 300 $a320 p. ;$c22 cm. 490 0 $aBiblioteca teologica napoletana ;$v23 600 14$aBruno, Giordano <1548-1600>.$0(OLS)http://semarc/subject/2312 700 1 $aGiustiniani, Pasquale,$d<1951- >.$0(OLS)http://semarc/name/4122 830 0$aBiblioteca teologica napoletana / Pontificia Facoltà Teologica dell'Italia meridionale ;$v23.$0(OLS)http://semarc/title/14242 850 $aSeMil 852 $aSeMil$W1$xVenegono$y1$m2N III 64$j221731$B67083$CSeMilBibl$Z2$F75276 $81 961 $aOmaggio: Caspani don Pierpaolo 996 $6020$a88-900768-1-X$9(OLS)http://semarc/number/93341 996 $6245$aGiordano Bruno :$boltre il mito e le opposte passioni$9(OLS)http://semarc/title/161876 996 $6260$aNapoli :$bPontificia Facoltà Teologica dell'Italia meridionale, sez. S. Tommaso d'Aquino$9(OLS)http://semarc/publisher/29820 LEADER 01181nam a2200265 i 4500 001 000000068784 003 CaOOAMICUS 005 20170825000000.0 008 170825s1991 xxu u000 u eng u 013 $a39956 020 $a0-385-11434-6 040 $aSeMil$bita 245 10$aLeviticus 1-16 :$ba new translation with introduction and commentary /$cJacob Milgrom. 260 $aNew York [etc.] :$bDoubleday,$c1991. 300 $axviii, 1163 p. ;$c24 cm. 490 0 $aThe Anchor Bible ;$v3 650 4$aBibbia. Antico Testamento. Levitico - Commentari, studi, critica, interpretazioni.$0(OLS)http://semarc/subject/2771 700 1 $aMilgrom, Jacob <1923- >.$0(OLS)http://semarc/name/34354 830 4$aThe Anchor Bible ;$v3.$0(OLS)http://semarc/title/472 850 $aSeMil 852 $aSeMil$W1$xVenegono$y1$mSL1.R II 3$j34937$B34937$CSeMilBibl$Z2$F34940 $8I 961 $aRecupero: Distributore 996 $6020$a0-385-11434-6$9(OLS)http://semarc/number/47053 996 $6245$aLeviticus 1-16 :$ba new translation with introduction and commentary$9(OLS)http://semarc/title/109966 996 $6260$aNew York [etc.] :$bDoubleday$9(OLS)http://semarc/publisher/31192